Third wave feminism and television : Jane puts it in a box /

Bibliographic Details
Other Authors: Johnson, Merri Lisa
Format: Book
Language:English
Published: London ; New York : I.B. Tauris ; 2007.
Series:Reading contemporary television.
Subjects:

MARC

Tag First Indicator Second Indicator Subfields
LEADER 00000cam a2200000 a 4500
001 in00002249092
005 20151105055830.0
008 060614s2007 enk b 001 0 eng
015 |a GBA684300  |2 bnb 
016 7 |a 013568076  |2 Uk 
020 |a 1845112458 (hbk.) 
020 |a 9781845112455 (hbk.) 
020 |a 1845112466 (pbk.) 
020 |a 9781845112462 (pbk.) 
029 1 |a YDXCP  |b 100448252 
029 1 |a YDXCP  |b 100451559 
035 |a (OCoLC)ocm72151012 
035 |a (OCoLC)72151012 
040 |a UKM  |c UKM  |d BAKER  |d BWKUK  |d YDXCP  |d VYF  |d BTCTA  |d UtOrBLW 
049 |a TXAM 
050 4 |a PN1992.8.W65  |b T45 2007 
082 0 4 |a 791.45652042  |2 22 
245 0 0 |a Third wave feminism and television :  |b Jane puts it in a box /  |c edited by Merri Lisa Johnson. 
264 1 |a London ;  |a New York :  |b I.B. Tauris ;  |c 2007. 
264 2 |a New York :  |b Distributed in the USA by Palgrave Macmillan, 
300 |a xi, 226 pages ;  |c 23 cm. 
336 |a text  |b txt  |2 rdacontent 
337 |a unmediated  |b n  |2 rdamedia 
338 |a volume  |b nc  |2 rdacarrier 
490 1 |a Reading contemporary television 
504 |a Includes bibliographical references and index. 
505 0 |a Foreword / Rhonda Hammer and Douglas Kellner -- Introduction: ladies love your box: the rhetoric of pleasure and danger in feminist television studies / Merri Lisa Johnson -- Gangster feminism: the feminist cultural work of HBO's The Sopranos / Merri Lisa Johnson -- Female heterosexual sadism: the final feminist taboo in Buffy the vampire slayer and the Anita Blake Vampire Hunter series / Carol Siegel -- Primetime harem fantasies: marriage, monogamy, and a bit of feminist fanfiction on ABC's The bachelor / Katherine Frank -- Getting wet: the heteroflexibility of Showtime's The L word / Candace Moore -- Queer as box: boi spectators and boy culture on Showtime's Queer as folk / Bobby Noble -- HBO's Oz and the fight against prisoner rape: chronicles from the front line / Lara Stemple -- "The room" as "heterosexual closet": the life and death of alternative relationships on HBO's Six feet under / Leslie Heywood. 
650 0 |a Women on television. 
650 0 |a Man-woman relationships on television. 
650 0 |a Sex role on television. 
700 1 |a Johnson, Merri Lisa. 
830 0 |a Reading contemporary television. 
938 |a Baker & Taylor  |b BKTY  |c 74.95  |d 74.95  |i 1845112458  |n 0006909624  |s active 
938 |a Baker & Taylor  |b BKTY  |c 24.50  |d 24.50  |i 1845112466  |n 0006909625  |s active 
938 |a Baker and Taylor  |b BTCP  |n BK0006909625 
938 |a YBP Library Services  |b YANK  |n 100451559 
945 |a PromptCat  |b 170140 
946 |a stk 
947 |a A14836211474 
948 |a cataloged  |b h  |c 2007/7/9  |d c  |e dmartine  |f 4:46:42 pm 
994 |a 92  |b TXA 
999 |a MARS 
999 f f |s 2dfb8cc0-ceb6-3461-9559-888aa3a1d7c4  |i 5cd0c58f-68ac-37b9-a1e5-e8724636a597  |t 0 
952 f f |p normal  |a Texas A&M University  |b College Station  |c Sterling C. Evans Library  |d Evans: Library Stacks  |t 0  |e PN1992.8.W65 T45 2007  |h Library of Congress classification  |i unmediated -- volume  |m A14836211474 
998 f f |a PN1992.8.W65 T45 2007  |t 0  |l Evans: Library Stacks